000
00423nam a2200145Ia 4500
008
090122s9999 xx 000 0 und d
082
_b
6286
_a
891.4683
100
_a
राजाध्यक्ष
_b
विजया
245
_a
अनोळखी
600
_a
राजाध्यक्ष
630
_a
अनोळखी
700
_a
राजाध्यक्ष
730
_a
अनोळखी
942
_c
BOOK
999
_c
30363
_d
30363